000 00253nam a22001217a 4500
008 181016b xxu||||| |||| 00| 0 eng d
041 _aeng
080 _a701
100 _a44
101 _aART
245 _aExhibition
_cClaviere,B.D
942 _2udc
_cBK
999 _c49847
_d49847